[Event "TUR Cup 1516"]
[Site "Manavgat"]
[Date "2016.02.06"]
[Round "11"]
[White "Karabuber, Ahmet"]
[Black "Erdem, Salih"]
[Result "0-1"]
[WhiteElo "1440"]
[BlackElo "1602"]
[PlyCount "110"]
[EventDate "2016.01.30"]
[EventType "swiss"]
[EventRounds "11"]
[EventCountry "TUR"]
[SourceTitle "EXT 2018"]
[Source "ChessBase"]
[SourceDate "2017.10.13"]
[SourceVersion "1"]
[SourceVersionDate "2017.10.13"]
[SourceQuality "1"]

1. e4 c6 2. d4 d5 3. e5 Bf5 4. c4 e6 5. c5 b6 6. Bd3 Bxd3 7. Qxd3 bxc5 8. Nf3 cxd4 9. Qxd4 Qb6 10. Be3 Qxd4 11. Nxd4 Bb4+ 12. Nd2 Ne7 13. a3 Ba5 14. 0-0 0-0 15. N4f3 Bb6 16. Bg5 Ng6 17. h4 Nd7 18. Rfe1 Ngxe5 19. Nxe5 Nxe5 20. Rxe5 f6 21. Bxf6 Rxf6 22. Nf3 Kf7 23. Rae1 Ke7 24. b4 Kd7 25. R1e2 Kc7 26. a4 a5 27. bxa5 Rxa5 28. Ra2 Kd6 29. Ree2 Rf4 30. Reb2 Bc7 31. Rb7 Rfxa4 32. Rab2 Ra7 33. g3 Rxb7 34. Rxb7 c5 35. Kf1 Kc6 36. Rb1 Ra2 37. Ne1 c4 38. Rc1 Kc5 39. Nd3+ Kd4 40. Nb4 Rb2 41. Nc2+ Rxc2 42. Rxc2 Kd3 43. Ra2 c3 44. Ke1 Bd6 45. Ra6 Bb4 46. Kf1 c2 47. Ra1 Kd2 48. Ra2 Kd1 49. Ra1+ c1Q 50. Rxc1+ Kxc1 51. Ke2 Kc2 52. f4 d4 53. g4 d3+ 54. Kf3 d2 55. f5 d1Q+ 0-1

[Event "Manavgat Turkey Cup"]
[Site "Manavgat"]
[Date "2016.02.04"]
[Round "8"]
[White "Durak, Omer Faruk"]
[Black "Karabuber, Ahmet"]
[Result "0-1"]
[WhiteElo "1392"]
[BlackElo "1440"]
[PlyCount "98"]
[EventDate "2016.01.30"]
[EventType "swiss"]
[EventRounds "11"]
[EventCountry "TUR"]
[SourceTitle "CBM 170 Extra"]
[Source "ChessBase"]
[SourceDate "2016.02.25"]
[SourceVersion "1"]
[SourceVersionDate "2016.02.25"]
[SourceQuality "1"]

1. e4 e6 2. Nf3 Ne7 3. Bc4 Ng6 4. 0-0 Be7 5. b3 0-0 6. Bb2 d6 7. Nc3 Bd7 8. d4 Qc8 9. d5 e5 10. Be2 Bg4 11. Nd2 Bxe2 12. Qxe2 Nf4 13. Qf3 f5 14. Ne2 fxe4 15. Nxe4 Nxd5 16. Qg3 Qf5 17. N4c3 Nxc3 18. Qxc3 Nc6 19. f4 Bf6 20. fxe5 Qxe5 21. Qc4+ d5 22. Bxe5 dxc4 23. Bxc7 Bxa1 24. Rxa1 cxb3 25. cxb3 Rae8 26. Ng3 Nd4 27. Bd6 Rf7 28. Rc1 h5 29. Rd1 Ne2+ 30. Nxe2 Rxe2 31. a3 Rd7 32. Rd4 Re6 33. Bc5 Rxd4 34. Bxd4 b5 35. b4 Rd6 36. Bc5 Rd3 37. a4 Kf7 38. Kf2 g5 39. a5 Ke6 40. Ke2 Rb3 41. Kf2 Kf5 42. Bd6 Ke4 43. Be7 g4 44. Bd6 h4 45. Bc5 Rb2+ 46. Kg1 g3 47. hxg3 hxg3 48. Kf1 Kd3 49. Bd6 Rb1# 0-1

[Event "Manavgat Turkey Cup"]
[Site "Manavgat"]
[Date "2016.02.02"]
[Round "6"]
[White "Ozturk, Ali"]
[Black "Karabuber, Ahmet"]
[Result "1-0"]
[WhiteElo "1710"]
[BlackElo "1440"]
[PlyCount "121"]
[EventDate "2016.01.30"]
[EventType "swiss"]
[EventRounds "11"]
[EventCountry "TUR"]
[SourceTitle "CBM 170 Extra"]
[Source "ChessBase"]
[SourceDate "2016.02.25"]
[SourceVersion "1"]
[SourceVersionDate "2016.02.25"]
[SourceQuality "1"]

1. e4 e6 2. d4 Ne7 3. Nf3 Ng6 4. Bg5 f6 5. Be3 Be7 6. Bd3 0-0 7. Nbd2 d6 8. h4 Bd7 9. h5 Nh8 10. g4 Nf7 11. c3 c5 12. Qc2 e5 13. dxc5 dxc5 14. 0-0-0 b5 15. Rdg1 c4 16. Be2 Nc6 17. Nh4 b4 18. Bxc4 bxc3 19. Qxc3 Na5 20. Kb1 Rc8 21. Nf5 Nxc4 22. Nxc4 Bxf5 23. gxf5 Nd6 24. b3 Nxe4 25. Qc2 Qd5 26. Rg4 Nxf2 27. Rxg7+ Kxg7 28. Rg1+ Kh8 29. Bxf2 e4 30. Qe2 Qxf5 31. Bxa7 e3+ 32. Ka1 Bb4 33. Bd4 Rfd8 34. Rf1 Qe4 35. Bxf6+ Kg8 36. Bb2 Rxc4 37. Rg1+ Kf7 38. Rf1+ Ke8 39. h6 Rc5 40. Rg1 Rd2 41. Qa6 e2 42. Rg8+ Kd7 43. Qa7+ Rc7 44. Qa4+ Qc6 45. Rg7+ Kd6 46. Qxb4+ Ke6 47. Qxd2 Qh1+ 48. Bc1 Rxc1+ 49. Kb2 e1Q 50. Qd7+ Ke5 51. Rg5+ Ke4 52. Rg4+ Ke3 53. Qd4+ Ke2 54. Re4+ Qxe4 55. Qxe4+ Kf2 56. Qf4+ Ke2 57. Qxc1 Qh4 58. a3 Qd4+ 59. Kb1 Qd3+ 60. Qc2+ Qxc2+ 61. Kxc2 1-0

[Event "Manavgat Turkey Cup"]
[Site "Manavgat"]
[Date "2016.01.30"]
[Round "1"]
[White "Karabuber, Ahmet"]
[Black "Bayav, Secahattin"]
[Result "0-1"]
[WhiteElo "1440"]
[BlackElo "1925"]
[PlyCount "44"]
[EventDate "2016.01.30"]
[EventType "swiss"]
[EventRounds "11"]
[EventCountry "TUR"]
[SourceTitle "CBM 170 Extra"]
[Source "ChessBase"]
[SourceDate "2016.02.25"]
[SourceVersion "1"]
[SourceVersionDate "2016.02.25"]
[SourceQuality "1"]

1. e4 c6 2. d4 d5 3. e5 Bf5 4. Nf3 e6 5. Bd3 Bxd3 6. Qxd3 Qb6 7. a3 c5 8. c4 dxc4 9. Qxc4 Nc6 10. d5 exd5 11. Qxd5 Nge7 12. Qc4 Na5 13. Qa4+ Nec6 14. Nc3 Qb3 15. Qf4 Qc4 16. Ne4 0-0-0 17. Be3 Qd3 18. Nxc5 Bxc5 19. Bxc5 Nb3 20. Qg4+ Kb8 21. Bd6+ Rxd6 22. exd6 Re8+ 0-1